Sobel - W ZWIĄZKU Z MUZYKĄ - Statystyki

Ogólne statystyki
  • Ten quiz został rozwiązany 310 razy
  • Średni wynik to 15 z 22
Statystyki odpowiedzi
Nazwa Utworu Featy % Poprawnych
8 SEXTAPE Ft. Oki
90%
12 MUSZĘ TO WYKRZYCZEĆ Ft. Oki
82%
1 PINKY RINGI
82%
13 MIĘSO Ft. White 2115
81%
22 W ZWIĄZKU Z MUZYKĄ
79%
15 DARKSKIN BIAŁAS Ft. Malik Montana
78%
2 ASYSTENT NIEKREATYWNY
74%
4 CZERWONE ŚWIATŁO
72%
16 MAMA POWTARZAŁA
72%
5 NIECH BOLI
70%
6 PRZYMIARKI KSIĘCIA Ft. Szpaku
67%
14 SIERRA PAPA
67%
19 BOŻE
66%
3 WŁASNY FILM
66%
18 TO MOJA WINA Ft. Białas
65%
9 ONE TYLKO KŁAMIĄ
63%
17 ANTISUK
62%
10 PIĘKNI LUDZIE
61%
20 ZAUFAJ MI
61%
11 LISTY DO M
60%
7 JAK MAM TO NAZWAĆ?
59%
21 TAK WYSZŁO
57%
Nie znaleziono quizów pasujących do podanych kryteriów
Rozkład punktacji
Procent ludzi z każdym wynikiem
Percentyl według liczby udzielonych odpowiedzi
Twoja historia wyników
Nie rozwiązałeś tego quizu